|
|
|
|
| LEADER |
01229nam a2200277 a 4500 |
| 001 |
11831410 |
| 008 |
100214r20022001njua b 001 0 eng d |
| 010 |
|
|
|a 99057549
|
| 020 |
|
|
|a 8178085097
|
| 020 |
|
|
|a 013017601X (pbk.)
|
| 040 |
|
|
|a DLC
|c DLC
|d DLC
|d BD-DhAA
|
| 082 |
0 |
0 |
|a 658
|2 21
|
| 100 |
1 |
|
|a Robbins, Stephen P.,
|d 1943-
|
| 245 |
1 |
0 |
|a Fundamentals of management :
|b essential concepts and applications /
|c Stephen P. Robbins, David A. DeCenzo.
|
| 250 |
|
|
|a 3rd ed.
|
| 260 |
|
|
|a Upper Saddle River, N.J. :
|b Prentice Hall, ;
|a Delhi :
|b Pearson Education,
|c c2001.[Reprinted 2002]
|
| 300 |
|
|
|a 1 v. (various pagings) :
|b ill. (some col.) ;
|c 26 cm.
|
| 504 |
|
|
|a Includes bibliographical references and indexes.
|
| 541 |
1 |
|
|e 00013086
|
| 650 |
|
0 |
|a Management.
|
| 700 |
1 |
|
|a DeCenzo, David A.
|
| 852 |
4 |
|
|a Ayesha Abed Library
|j General shelf
|
| 942 |
0 |
0 |
|0 1
|
| 999 |
|
|
|c 7500
|d 7500
|
| 952 |
|
|
|0 0
|1 0
|2 ddc
|4 0
|6 658_000000000000000_ROB
|7 0
|9 8078
|a BRACUL
|b BRACUL
|c GEN
|d 2010-02-14
|g 375.00
|l 4
|m 33
|o 658 ROB
|p 3010013086
|r 2019-08-19
|s 2019-07-09
|t 1
|w 2010-02-14
|y BK
|
| 952 |
|
|
|0 0
|1 0
|2 ddc
|4 0
|6 658_000000000000000_ROB
|7 0
|9 10718
|a BRACUL
|b BRACUL
|c GEN
|d 2010-06-08
|g 375.00
|l 10
|m 60
|o 658 ROB
|p 3010013087
|r 2019-07-23
|s 2019-07-09
|t 2
|w 2010-06-08
|y BK
|